000 00594nam a22001817a 4500
999 _c61688
_d61688
005 20240417152543.0
008 240417s2007 enk||||| |||| 00| 0 eng d
020 _a9781905740581x
041 _aeng
080 _a616.3 P-90
100 _aBalakrishnan, V.
_921832
245 _aPractical Gastroenterology /
_cEdited V. Balakrishnan.
264 _aNew Delhi :
_bJaypee Brothers,
_c2007.
300 _a402 p.:
_bill.;
_c24 cm.
653 _aპრაქტიკული გასტროენტეროლოგია
653 _aმედიცინა
942 _2udc
_cᲬᲘᲒᲜᲘ